000
00198 a2200097 4500
001
9056
100
_a
Dixon, W M
245
_a
The english parnassus.
260
_a
_b
Oxford
_c
090
_c
7238
_d
7238
942
_a
NUST-CAE
_c
33865
_c
M
999
_c
244129
_d
244129